Kế hoạch giảng dạy và chương trình Bổ túc kỹ thuật cho công nhân cơ khí /

Chương trình cơ kĩ thuật

Đã lưu trong:
書目詳細資料
主要作者: Bộ Lao Động
格式: 圖書
語言:Vietnamese
出版: H. : Tổng cục đào tạo công nhân kỹ thuật , 1975
主題:
標簽: 添加標簽
沒有標簽, 成為第一個標記此記錄!
Thư viện lưu trữ: Thư viện Trường CĐ Kỹ Thuật Cao Thắng
LEADER 01407nam a2200313 a 4500
001 TVCDKTCT6883
003 Thư viện trường Cao đẳng Kỹ thuật Cao Thắng
005 20170530105827.4
008 070510
980 \ \ |a Thư viện Trường CĐ Kỹ Thuật Cao Thắng 
024 |a RG_1 #1 eb0 i1 
041 0 # |a vie 
082 # # |a 621 /   |b K250H-b 
100 1 # |a Bộ Lao Động 
245 0 0 |a Kế hoạch giảng dạy và chương trình Bổ túc kỹ thuật cho công nhân cơ khí /   |c Bộ Lao Động 
260 # # |a H. :   |b Tổng cục đào tạo công nhân kỹ thuật ,   |c 1975 
300 # # |a 73tr. ;   |c 19cm 
520 # # |a Chương trình cơ kĩ thuật 
520 # # |a Chương trình điện kĩ thuật 
520 # # |a Chương trình dung sai lắp ghép và đo lường kĩ thuật 
520 # # |a Chương trình vật liệu cơ khí 
520 # # |a Chương trình vẽ kỹ thuật 
520 # # |a Cuốn sách này gồm : 
520 # # |a Quyết định số 87/LĐ-QĐ của Bộ Lao động 
520 # # |a Thông tư số 006/TT-TC của Tổng cục đào tạo công nhân kỹ thuật 
650 # 4 |a Điện kỹ thuật 
650 # 4 |a Vẽ kỹ thuật 
721 # # |a CNKT Điện 
841 # # |b Kho Sách   |j 100020843, 100020847, 100020849, 100020857, 100020932